000 nam a22 a 4500
999 _c2679
_d2679
003 AKMAL
005 20170517151338.0
008 170517s2010 my | e u f000 0 eng d
039 9 _a201301301837
_brosenah
_c201211261056
_damin
_c201211121150
_dmariati
040 _aAKMAL
082 0 4 _a678.360212 DSM
_222
090 0 0 _a678.360212
_bDSM
110 1 _aMalaysia.
_bJabatan Standard
_95568
245 1 0 _aRubber hoses and hose assemblies - rubber-covered spiral-wire-reinforced hydraulic types for oil - based or water-based fluids - specification (first revision) (ISO 3862:2009, IDT) /
_cDepartment of Standards Malaysia
260 _aCyberjaya :
_bJabatan Standard Malaysia,
_c2010
300 _av, 13p. ;
_c30cm.
490 1 _aMalaysian standard
500 _aCover title
650 1 0 _aRubber goods
_vSpecifications
_zMalaysia
_95620
650 2 0 _aHose
_vSpecifications
_zMalaysia
_95621
830 0 _aMalaysian standard.
_nMS ISO 3862:2010
_95622
942 _2ddc
_cBOOK